| 000 | 00608nam a2200169Ia 4500 | ||
|---|---|---|---|
| 008 | 090201s9999 xx 000 0 und d | ||
| 010 | _aKPL-37830 | ||
| 040 | _bमराठी | ||
| 041 | _aमराठी | ||
| 082 |
_a16757 _b37830 |
||
| 100 | _aराम कोलारकर | ||
| 245 |
_aसर्वोत्कृष्ट मराठी कथा खंड 16 _cराम कोलारकर |
||
| 260 |
_c2004 _bछाया कोलारकर |
||
| 300 |
_a224 _bमोठा |
||
| 600 | _aसर्वोत्कृष्ट मराठी कथा खंड 16 | ||
| 942 | _cBOOK | ||
| 999 |
_c216766 _d216766 |
||